000 00651nam a2200205 i 4500
001 76305
003 ES-MaACL
005 20230906172808.0
007 t|
008 040930s1979 fr ||||1| fre d
020 _a2-02-005056-0
100 1 _aGrosrichard, Alain.
_960160
245 1 0 _aStructure du sérail
_b: la fiction du despotisme asiatique dans l'occident classique /
_cAlain Grosrichard.
260 _aParis :
_bEditions du Seuil,
_c[1979]
300 _a234 p. ;
_c19 cm.
490 1 _aConnexions du champ freudien
830 0 _aConnexions du champ freudien
_9231294
852 _aES-MaACL
_jL-10933
_bR.112786
999 _c76305
_d76305